Normal view MARC view

Entry Personal Name

Number of records used in: 1

001 - CONTROL NUMBER

  • control field: 847036

003 - CONTROL NUMBER IDENTIFIER

  • control field: OSt

005 - DATE AND TIME OF LATEST TRANSACTION

  • control field: 20250930143045.0

008 - FIXED-LENGTH DATA ELEMENTS

  • fixed length control field: 250930|| aca||aabn | a|a d

040 ## - CATALOGING SOURCE

  • Original cataloging agency: OSt
  • Transcribing agency: OSt

100 ## - HEADING--PERSONAL NAME

  • Personal name: उपाध्याय, तारकेश्वर

670 ## - SOURCE DATA FOUND

  • Source citation: Work cat.: (OSt)1464350: उपाध्याय, तारकेश्वर , लोक आस्था का महापर्व : छठ : सामाजिक, सांस्कृतिक , प्राकृतिक .. , 2024
Copyright @ Delhi University Library System